[Event "Amager Spring D"]
[Site "Amager"]
[Date "2015.06.02"]
[Round "5"]
[White "Goschal, Theodor B"]
[Black "Kjemtrup, Niels Moller"]
[Result "0-1"]
[WhiteElo "1207"]
[BlackElo "1160"]
[PlyCount "126"]
[EventDate "2015.04.28"]
[EventType "tourn"]
[EventRounds "5"]
[EventCountry "DEN"]
[SourceTitle "EXT 2023"]
[Source "ChessBase"]
[SourceDate "2022.10.05"]
[SourceVersion "1"]
[SourceVersionDate "2022.10.05"]
[SourceQuality "1"]

1. g3 e5 2. e4 Nf6 3. d3 Nc6 4. c3 d5 5. Nd2 Be6 6. Bg2 a5 7. Ngf3 Bc5 8. 0-0 b5 9. Nb3 Qd6 10. Nxc5 Qxc5 11. Be3 d4 12. cxd4 exd4 13. Bd2 Ne5 14. Nxe5 Qxe5 15. f4 Qh5 16. Qxh5 Nxh5 17. f5 Bd7 18. Rac1 c6 19. Bf4 Nxf4 20. Rxf4 f6 21. Rc5 0-0 22. e5 fxe5 23. Rxe5 Rxf5 24. Rexf5 Bxf5 25. Rxf5 Rc8 26. Rc5 Re8 27. Bxc6 Re1+ 28. Kg2 Re2+ 29. Kh3 Rxb2 30. Bxb5 Kf8 31. a4 Ke7 32. Rd5 Rb4 33. Kg4 Ke6 34. Rd7 Rxb5 35. Rxg7 h5+ 36. Kh3 Rb3 37. Rg5 h4 38. Rxa5 hxg3 39. hxg3 Rxd3 40. Rb5 Ra3 41. a5 d3 42. Rb2 Rxa5 43. Rd2 Rd5 44. Kg2 Ke5 45. Kf3 Kd4 46. g4 Re5 47. Kf2 Kc3 48. Ra2 d2 49. Ra3+ Kc2 50. Ra2+ Kc1 51. Ra1+ Kb2 52. Rd1 Kc2 53. Ra1 d1Q 54. Rxd1 Kxd1 55. Kg3 Ke2 56. Kh4 Kf3 57. g5 Kf4 58. g6 Rg5 59. g7 Rxg7 60. Kh5 Rg1 61. Kh6 Kf5 62. Kh7 Kf6 63. Kh8 Kf7 0-1

[Event "Amager Spring D"]
[Site "Amager"]
[Date "2015.05.12"]
[Round "3"]
[White "Nielsen, Bjorn1111"]
[Black "Kjemtrup, Niels Moller"]
[Result "0-1"]
[WhiteElo "1006"]
[BlackElo "1160"]
[PlyCount "98"]
[EventDate "2015.04.28"]
[EventType "tourn"]
[EventRounds "5"]
[EventCountry "DEN"]
[SourceTitle "EXT 2023"]
[Source "ChessBase"]
[SourceDate "2022.10.05"]
[SourceVersion "1"]
[SourceVersionDate "2022.10.05"]
[SourceQuality "1"]

1. e4 e5 2. Nf3 f5 3. d3 Nc6 4. exf5 Nf6 5. Be2 Bc5 6. 0-0 e4 7. dxe4 Nxe4 8. Be3 d6 9. Bxc5 Nxc5 10. Nc3 Bxf5 11. Bc4 Qd7 12. Re1+ Ne5 13. Nxe5 dxe5 14. Bb5 c6 15. Qxd7+ Nxd7 16. Bd3 g6 17. Ne4 Bxe4 18. Bxe4 0-0-0 19. Rad1 Nc5 20. Bf3 e4 21. Bg4+ Kc7 22. b4 h5 23. Be2 Na4 24. Rc1 Nc3 25. Bc4 b5 26. Bb3 Rd2 27. f3 Ne2+ 28. Kf1 Nxc1 29. Rxc1 e3 30. Re1 Re8 31. c3 e2+ 32. Kf2 Re7 33. a4 Rb2 34. Rxe2 Rexe2+ 35. Kg3 Rxb3 36. axb5 cxb5 37. h4 Rxc3 38. Kf4 Rxg2 39. Ke5 Rxf3 40. Ke4 Rf5 41. Ke3 Rg4 42. Kd3 Rxb4 43. Ke3 g5 44. hxg5 Rxg5 45. Kf3 Rgg4 46. Kf2 Rb3 47. Ke2 Rg2+ 48. Kf1 Ra2 49. Ke1 Rb1# 0-1

[Event "Amager-ch D"]
[Site "Amager"]
[Date "2014.09.30"]
[Round "6"]
[White "Kjemtrup, Niels Moller"]
[Black "Hansen, Benny"]
[Result "0-1"]
[WhiteElo "1144"]
[BlackElo "1265"]
[PlyCount "76"]
[EventDate "2014.08.19"]
[EventType "tourn"]
[EventRounds "7"]
[EventCountry "DEN"]
[SourceTitle "EXT 2023"]
[Source "ChessBase"]
[SourceDate "2022.10.05"]
[SourceVersion "1"]
[SourceVersionDate "2022.10.05"]
[SourceQuality "1"]

1. d4 Nf6 2. Nf3 g6 3. Nc3 Bg7 4. e4 d6 5. Bg5 0-0 6. Qe2 Nc6 7. 0-0-0 Bg4 8. h3 Bxf3 9. Qxf3 a6 10. e5 Nd7 11. Be2 f6 12. Qd5+ Kh8 13. exf6 Nxf6 14. Bxf6 Bxf6 15. h4 Qd7 16. g4 e6 17. Qe4 Rae8 18. g5 d5 19. Qe3 Bg7 20. h5 e5 21. hxg6 exd4 22. Rxh7+ Kg8 23. Qh3 Qxh3 24. Rxh3 dxc3 25. Bd3 cxb2+ 26. Kb1 Rxf2 27. c4 Nb4 28. cxd5 Nxd3 29. Rhxd3 Rg2 30. d6 cxd6 31. Rxd6 Rxg5 32. a4 Ra5 33. Ka2 Rxa4+ 34. Kb3 Ra1 35. Kc2 Rxd1 36. Rxd1 Rc8+ 37. Kb3 b5 38. Rd5 b1Q+ 0-1

[Event "Amager-ch D"]
[Site "Amager"]
[Date "2014.09.23"]
[Round "5"]
[White "Nielsen, Bjorn1111"]
[Black "Kjemtrup, Niels Moller"]
[Result "1-0"]
[WhiteElo "1050"]
[BlackElo "1144"]
[PlyCount "95"]
[EventDate "2014.08.19"]
[EventType "tourn"]
[EventRounds "7"]
[EventCountry "DEN"]
[SourceTitle "EXT 2023"]
[Source "ChessBase"]
[SourceDate "2022.10.05"]
[SourceVersion "1"]
[SourceVersionDate "2022.10.05"]
[SourceQuality "1"]

1. d4 d5 2. Nf3 Nf6 3. Nc3 g6 4. e3 Bg7 5. Bd3 Nc6 6. e4 Nb4 7. e5 Nxd3+ 8. Qxd3 Bf5 9. Qd1 Ne4 10. Nxe4 Bxe4 11. 0-0 c6 12. c3 0-0 13. Bf4 Qc7 14. Ng5 Bf5 15. Qf3 f6 16. exf6 Be4 17. Bxc7 Bxf3 18. fxe7 Rf5 19. Nxf3 Bf6 20. Rfe1 Kf7 21. Bd8 Ke8 22. Re6 Rc8 23. Rae1 c5 24. Ne5 cxd4 25. cxd4 Bxe5 26. R6xe5 Rxe5 27. dxe5 Rc5 28. f4 d4 29. Rd1 Rd5 30. Rd3 b5 31. b4 g5 32. g3 g4 33. h4 h5 34. Kf2 Rd7 35. f5 Rd5 36. f6 Rxe5 37. Rxd4 Rf5+ 38. Rf4 Rxf4+ 39. gxf4 Kf7 40. Bc7 Ke8 41. f5 Kf7 42. Bb8 a6 43. Bg3 Ke8 44. Ke3 Kf7 45. Kd4 Kxf6 46. e8Q Kg7 47. Be5+ Kh7 48. Qh8# 1-0